El medé diví (Record no. 129138)

MARC details
000 -LEADER
campo de control de longitud fija 00809nam a2200217 i 4500
001 - NÚMERO DE CONTROL
campo de control 129138
003 - IDENTIFICADOR DE NÚMERO DE CONTROL
campo de control ES-MaACL
005 - FECHA Y HORA DE LA ÚLTIMA TRANSACCIÓN
campo de control 20260104152658.0
007 - CAMPO FIJO DE DESCRIPCIÓN FÍSICA--INFORMACIÓN GENERAL
campo de control de longitud fija t|
008 - DATOS DE LONGITUD FIJA--INFORMACIÓN GENERAL
campo de control de longitud fija 070606s1964 sp ||||1| cat d
100 1# - ENTRADA PRINCIPAL--NOMBRE DE PERSONA
Nombre de persona Teilhard de Chardin, Pierre,
Fechas asociadas al nombre 1881-1955
9 (RLIN) 109521
245 13 - MENCIÓN DEL TÍTULO
Título El medé diví
Resto del título : assaig de vida interior /
Mención de responsabilidad, etc. Pierre Teilhard de Chardin ; estudí preliminar de Eusebi Colomer ; [traductor, Josep Mª Puigjaner].
260 ## - PUBLICACIÓN, DISTRIBUCIÓN, ETC.
Lugar de publicación, distribución, etc. Hospitalet (Barcelona) :
Nombre del editor, distribuidor, etc. Nova Terra,
Fecha de publicación, distribución, etc. [1964]
300 ## - DESCRIPCIÓN FÍSICA
Extensión 179 p. :
Otras características físicas il. ;
Dimensiones 20 cm.
490 1# - MENCIÓN DE SERIE
Mención de serie Collecció L'Home Non ;
Designación de volumen o secuencia 2
700 1# - ENTRADA AGREGADA--NOMBRE PERSONAL
Nombre de persona Colomer, Eusebi,
Fechas asociadas al nombre 1923-1997
9 (RLIN) 39844
700 1# - ENTRADA AGREGADA--NOMBRE PERSONAL
Nombre de persona Puigjaner, Josep Mª.
9 (RLIN) 94299
830 0# - PUNTO DE ACCESO ADICIONAL DE SERIE-TÍTULO UNIFORME
Título uniforme Collecció L'Home Non ;
Designación de volumen o secuencia 2
9 (RLIN) 219324
852 ## - LOCALIZACIÓN
Ubicación ES-MaACL
Número de control de estantería C-25625
Sublocalización o colección R.54370
Holdings
Estatus retirado Estado de pérdida Estado de daño No para préstamo Biblioteca de origen Biblioteca actual Ubicación en estantería Fecha de adquisición Fuente de adquisición Total de préstamos Signatura topográfica completa Código de barras Visto por última vez Precio de reemplazo Tipo de ítem Koha
        Biblioteca del Ateneo de Madrid Biblioteca del Ateneo de Madrid Depósito 2 17/01/2008     C-25625 1134481 23/02/2023 23/02/2023 Libro impreso